Statistics for Countries That Have Had an F5/EF5 Tornado

Click here to take the quiz!

General Stats

  • This quiz has been taken 60 times
  • The average score is 6 of 7

Answer Stats

CountryQuantity% Correct
United States100
100%
Canada1
96%
France2
78%
Argentina1
76%
Germany2
71%
Australia1
69%
Italy1
65%

Score Distribution

Percentile by Number Answered

Percent of People with Each Score

Your Score History

You have not taken this quiz